| 000 | 00603nam a2200193 i 4500 | ||
|---|---|---|---|
| 001 | bgj | ||
| 100 | 1 | _aADAIR, John. | |
| 245 | 1 | 0 |
_aFounding fathers : _bthe Puritans in England and America / _cJohn Adair. |
| 260 |
_aLondon [etc.] : _bJ. M. Dent & Sons Ltd., _c1982. |
||
| 300 |
_aXII, 302 pp, 4 plates of photos : _bphotos ; _c25 cm. |
||
| 505 | _aIncludes index and suggestions for further reading. | ||
| 650 | 9 |
_aPuritans _xHistory _zNew England |
|
| 020 | _a0460044214 | ||
| 040 | _cBPK | ||
| 041 | 0 | _aeng | |
| 920 | _a0-460-04421-4 | ||
| 942 | _cKS | ||
| 008 | s uk f |000 0 eng | ||
| 999 |
_c47395 _d47395 |
||
| 856 |
_uhttp://koha.tu.koszalin.pl/cgi-bin/koha/opac-detail.pl?biblionumber=47395 _yKatalog online BPK |
||